| 000 | 00301nam a2200133 i 4500 | ||
|---|---|---|---|
| 001 | bg | ||
| 100 | 1 | _aSIGIN, A. G. | |
| 245 | 0 |
_aCifrovye vycislitelnye masiny / _cA.G. Sigin. |
|
| 260 |
_aMoskwa, _c1971. |
||
| 040 | _cBPK | ||
| 041 | _apol | ||
| 942 | _cKS | ||
| 008 | s pl f |000 0 pol | ||
| 999 |
_c9206 _d9206 |
||
| 856 |
_uhttp://koha.tu.koszalin.pl/cgi-bin/koha/opac-detail.pl?biblionumber=9206 _yKatalog online BPK |
||